Xã hội và nền văn hóa Mỹ

Gardado en:
Detalles Bibliográficos
Autor Principal: Trần, Khiết Hùng
Formato: Libro
Idioma:Undetermined
Publicado: Hà Nội Văn hóa Thông tin 2007
Những chủ đề:
Các nhãn: Engadir etiqueta
Sen Etiquetas, Sexa o primeiro en etiquetar este rexistro!
Thư viện lưu trữ: Trung tâm Học liệu Trường Đại học Cần Thơ
LEADER 00630nam a2200205Ia 4500
001 CTU_128692
008 210402s9999 xx 000 0 und d
020 |c 40000 
082 |a 973 
082 |b H513 
100 |a Trần, Khiết Hùng 
245 0 |a Xã hội và nền văn hóa Mỹ 
245 0 |c Trần Khiết Hùng, Phạm Thế Châu 
260 |a Hà Nội 
260 |b Văn hóa Thông tin 
260 |c 2007 
650 |a United States America,United States America 
650 |x Civilization,Social aspects 
904 |i Minh 
980 |a Trung tâm Học liệu Trường Đại học Cần Thơ